| 000 | 00921cam a2200265 a 4500 | ||
|---|---|---|---|
| 001 | 73 | ||
| 003 | BR-CuiBMT | ||
| 005 | 20231030220132.0 | ||
| 008 | 230809s2018 mgb 000 0 por d | ||
| 020 | _a9788545004561 | ||
| 040 |
_aBR-CuiBMT _cBR-CuiBMT |
||
| 080 |
_22007 _a347.1 |
||
| 090 |
_a347.1 _bD598 |
||
| 245 | 0 | 2 |
_aO direito privado e o novo código de processos civil : _brepercussões, diálogos e tendências / _cFelipe Peixoto Braga Netto, Michael César Silva, Vinícius Lott Thibau, coordenadores. |
| 260 |
_aBelo Horizonte : _bFórum, _c2018. |
||
| 300 |
_a441 p. ; _c22 cm |
||
| 504 | _aInclui bibliografia. | ||
| 650 |
_aDireito civil _vLegislação |
||
| 650 |
_aDireito processual civil _vLegislação |
||
| 650 | _aDireito privado | ||
| 700 | 1 |
_aNetto, Felipe Peixoto Braga, _d1973- _4coord. |
|
| 700 | 1 |
_aSilva, Michael César _4coord. |
|
| 700 | 1 |
_aThibau, Vinícius Lott _4coord. |
|
| 942 |
_2udc _cLV |
||
| 999 |
_c73 _d73 |
||